Statistiques concernant Nommez les power rangers bleus

Cliquez ici pour prendre le quiz!

Statistiques générales

  • Ce quiz a été pris 20 fois
    (6 depuis la dernière actualisation)
  • Le résultat moyen est 15 sur 24

Statistiques - réponses

HintRéponse% Correct
ranger bleu sauvetage éclairchad lee
80%
ranger bleu de samuraikévin
80%
ranger bleu de mighty morphinbilly cranston
60%
2 ranger bleu de spdbridge carson
60%
ranger bleu de aliencestro
60%
ranger bleu de operation overdrivedax lo
60%
ranger bleu de dino tonnerreethan james
60%
ranger bleu de rpmflynn mcallistair
60%
ranger bleu de turbojustin stewart
60%
ranger bleu dans l'autre galaxiekai chen
60%
ranger bleu de dino chargekoda
60%
ranger bleu de force du tempslucas kendall
60%
ranger bleu de force mystiquemadison rocca
60%
ranger bleu de force animalemax cooper
60%
ranger bleu de megaforcenoah carver
60%
ranger bleu de dino furyollie akana
60%
ranger bleu cosmic furyollie akana
60%
ranger bleu de beast morphersravi shaws
60%
ranger bleu de zeorocky desantos
60%
1 ranger bleu de spdsky tate
60%
ranger bleu de jungle furytheo martin
60%
ranger bleu dans l'espaceTJ johnson
60%
ranger bleu de force cyclonetori hanson
60%
ranger bleu de ninja steelpreston tien
40%

Distribution des résultats

Percentile par nombre de réponses

% des personnes avec chaque résultat

Votre développement - résultats

Vous n’avez pas pris ce quiz depuis la dernière actualisation